Биомедицинская инженерия в Томском политехническом университете; Биотехносфера; № 2

Opis bibliograficzny
Parent link:Биотехносфера.— , 2008-
№ 2.— 2012.— [С. 50-52]
1. autor: Евтушенко Г. С. Геннадий Сергеевич
Korporacja: Национальный исследовательский Томский политехнический университет (ТПУ) Институт неразрушающего контроля (ИНК) Кафедра промышленной и медицинской электроники (ПМЭ)
Kolejni autorzy: Пеккер Я. С. Яков Семенович
Streszczenie:Заглавие с экрана
Режим доступа: по договору с организацией-держателем ресурса
Język:rosyjski
Wydane: 2012
Hasła przedmiotowe:
Dostęp online:http://elibrary.ru/item.asp?id=20601817
Format: Elektroniczne Rozdział
KOHA link:https://koha.lib.tpu.ru/cgi-bin/koha/opac-detail.pl?biblionumber=636876

MARC

LEADER 00000nla0a2200000 4500
001 636876
005 20250408091410.0
035 |a (RuTPU)RU\TPU\network\935 
090 |a 636876 
100 |a 20140407d2012 k||y0rusy50 ca 
101 0 |a rus 
102 |a RU 
135 |a drnn ---uucaa 
181 0 |a i  
182 0 |a b 
200 1 |a Биомедицинская инженерия в Томском политехническом университете  |f Г. С. Евтушенко, Я. С. Пеккер 
203 |a Текст  |c электронный 
300 |a Заглавие с экрана 
333 |a Режим доступа: по договору с организацией-держателем ресурса 
461 |t Биотехносфера  |d 2008- 
463 |t № 2  |v [С. 50-52]  |d 2012 
601 0 2 |a Национальный исследовательский Томский политехнический университет (ТПУ)  |c (2009- )  |2 stltpush  |3 (RuTPU)RU\TPU\col\15902 
610 1 |a электронный ресурс 
610 1 |a труды учёных ТПУ 
610 1 |a биомедицинская инженерия 
610 1 |a ТПУ 
700 1 |a Евтушенко  |b Г. С.  |c российский специалист в области электрофизики  |c профессор Томского политехнического университета, доктор технических наук  |f 1947-  |g Геннадий Сергеевич  |3 (RuTPU)RU\TPU\pers\21960  |9 9279 
701 1 |a Пеккер  |b Я. С.  |g Яков Семенович 
712 0 2 |a Национальный исследовательский Томский политехнический университет (ТПУ)  |b Институт неразрушающего контроля (ИНК)  |b Кафедра промышленной и медицинской электроники (ПМЭ)  |3 (RuTPU)RU\TPU\col\18719 
801 2 |a RU  |b 63413507  |c 20140415  |g RCR 
856 4 |u http://elibrary.ru/item.asp?id=20601817 
942 |c CF